000 00644nam a2200205Ia 4500
003 GCL
008 140319s9999 xx 000 0 ara d
040 _aGCL /
_cGCL
082 0 4 _a001.554
_bج ا
100 1 _aحسن عماد مكاوى
245 1 0 _aانتاج البرامج للراديو النظرية والتطبيق /
_cحسن عماد مكاوى
260 _a[S.N] :
_bمكتبة الانجلوالمصرية ،
_c1989
300 _a498 ص
490 _a
650 0 4 _aالاعلان
650 0 4 _aالاذاعة
650 0 4 _aالاعلان بالاذاعة
650 0 4 _aالدعاية الاذاعية
942 _2ddc
_cBK
999 _c35464
_d35464